Word Ladder: John Williams Quiz Stats

 Plays Quiz Updated Jan 12, 2013

Support Sporcle.
Go Orange.
Score 0/36 Timer 03:00
1 Play Today
Clue 4-Letter Word % Correct
♫ Saving Private ______RYAN
99%
♫ Jurassic _____PARK
95.5%
♫ Star ____WARS
91.1%
♫ Indiana Jones and the ____ Crusade ♫LAST
90.1%
♫ ____ Alone ♫HOME
89.7%
Rotten to the _____CORE
89.5%
Femur or rib, e.g.BONE
88.6%
To comb hair away from a dividing linePART
87.5%
Command to get a dog to approach youCOME
87.3%
Blue-green colorCYAN
86.3%
A young Irish womanLASS
86.1%
Superspy JamesBOND
86.1%
To sharpen one's skillHONE
86%
A division of space in some hospitalsWARD
85.7%
Usually pig fat used in cookingLARD
85.6%
Vegetable that's often creamedCORN
85.1%
Mason ___: food preserving containersJARS
85.1%
♫ Close Encounters of the Third _____KIND
84.9%
Clue 4-Letter Word % Correct
♫ ____ on the Fourth of July ♫BORN
84.7%
♫ Schindler's _____LIST
84.2%
If you forget it, you're doomed to repeat itPAST
83.3%
To secure with a rope or twineBIND
82.5%
Bills after passing congress and being signedLAWS
81.5%
The husband of a ladyLORD
81.1%
Fill up a cargo shipLOAD
80.2%
A group united by some kinship or descentCLAN
79.7%
Broad-sided target found on a farmBARN
79.2%
Relative of an arf or yipBARK
78.7%
♫ _____JAWS
77.2%
Pleased or happyGLAD
75.8%
A trap/filter collects this in a dryerLINT
75%
ClothedCLAD
74.3%
To poke or annoy to induce an actionGOAD
71.1%
Idiosyncrasy, quirk, fetishKINK
61.1%
A couple, each with a salary, but without childrenDINK
36%
By __ of: because of, usually due to forceDINT
34.6%

Today's Daily Dose

You're not logged in!

Compare scores with friends on all Sporcle quizzes.
OR
Log In
Forgot?

From the Vault

Headgear in Art

by MoMosMoProblems

History 4m
Historical art has no shortage of fancy hats.
Remove Ads.
Support Sporcle.
Get the best of Sporcle when you Go Orange. This ad-free experience offers more features, more stats, and more fun while also helping to support Sporcle. Thank you for becoming a member.

Show Comments

Extras

Top Quizzes Today


Score Distribution

Your Account Isn't Verified!

In order to create a playlist on Sporcle, you need to verify the email address you used during registration. Go to your Sporcle Settings to finish the process.

Report this User

Report this user for behavior that violates our Community Guidelines.

Details: